Procurement of Library Materials in the Federal Government (Record no. 495001)

000 -LEADER
fixed length control field 00443cam a22001457a 4500
008 - FIXED-LENGTH DATA ELEMENTS--GENERAL INFORMATION
fixed length control field 180718b1968 xxu||||| |||| 00| 0 eng d
082 ## - DEWEY DECIMAL CLASSIFICATION NUMBER
Classification number P921x71 Un3
100 ## - MAIN ENTRY--PERSONAL NAME
Personal name Falk, Leslie K.
245 ## - TITLE STATEMENT
Title Procurement of Library Materials in the Federal Government
Statement of responsibility, etc. by Leslie K. Falk
260 ## - PUBLICATION, DISTRIBUTION, ETC.
Place of publication, distribution, etc. Washington
Name of publisher, distributor, etc. The Federal Library Committee
Date of publication, distribution, etc. 1968
300 ## - PHYSICAL DESCRIPTION
Extent 42p
700 ## - ADDED ENTRY--PERSONAL NAME
Personal name `
700 ## - ADDED ENTRY--PERSONAL NAME
Personal name Library Committee
700 ## - ADDED ENTRY--PERSONAL NAME
Personal name United Kingdom. The Federal
Holdings
Withdrawn status Lost status Damaged status Not for loan Permanent Location Current Location Date acquired Full call number Barcode Date last seen Price effective from Koha item type
        Indian Institute of Public Administration Indian Institute of Public Administration 2018-08-04 P921x71 Un3 GG8528 2018-08-04 2018-08-04 GG

Powered by Koha